Zbierka vybraných súvzťažností a modelový príklad účtovania v obchodných bankách

Gespeichert in:
Bibliographische Detailangaben
1. Verfasser: Andrášiková, Dagmar
Weitere Verfasser: Schwarzová, Mária
Format: Buch
Sprache:Slowakisch
Veröffentlicht: Bratislava D.E.A. Consult 1999
Schlagworte:
Tags: Tag hinzufügen
Keine Tags, Fügen Sie das erste Tag hinzu!

MARC

LEADER 00000nam a2200000 4500
001 c117500
005 20221102133228.4
020 |a 80-967230-5-7 
041 0 |a slo 
044 |a SK 
245 1 0 |a Zbierka vybraných súvzťažností a modelový príklad účtovania v obchodných bankách  |c Dagmar Andrášiková, Mária Schwarzová 
264 1 |a Bratislava  |b D.E.A. Consult  |c 1999 
300 |a 170 s. 
610 2 0 |a účtovníctvo 
610 2 0 |a banky 
610 2 0 |a banky obchodné 
610 2 0 |a osnova účtová 
610 2 0 |a postupy účtovné 
610 2 0 |a prípady účtovné 
610 2 0 |a operácie účtovné 
610 2 0 |a závierka účtovná 
610 2 0 |a účty bankové 
610 2 0 |a banky emisné 
610 2 0 |a pohľadávky 
610 2 0 |a záväzky 
610 2 0 |a poukážky pokladničné 
610 2 0 |a papiere cenné 
100 1 |a Andrášiková, Dagmar 
700 1 |a Schwarzová, Mária